000 00292nam a22001217a 4500
020 _a978 93 5012 074 3
082 _a028.702 GUP/CS
100 _aGupta R
245 _aCSAT Civil services aptitude test
260 _aNew Delhi
_bRamesh Publishing House
_c2012
300 _a7.084
942 _cBK
999 _c13849
_d13849